000 00211nam a22000857a 4500
008 161112b xxu||||| |||| 00| 0 eng d
100 _91164
_aDoshi.D.M.
245 _aScience Today-VI
260 _aNew Delhi
_bC.P.P
_c2012
999 _c3826
_d3826